| 000 | 00402nam a22001217a 4500 | ||
|---|---|---|---|
| 082 | _a330.9549105 | ||
| 100 | _aState Bank of Pakistan | ||
| 245 |
_aAnnual Report 2009-2010 The state of Pakistan's economy Statistical supplement _cState Bank of Pakistan |
||
| 260 |
_aKarachi _bState Bank of Pakistan _c2010 |
||
| 300 | _a134p | ||
| 942 |
_2ddc _cBK |
||
| 999 |
_c587831 _d587831 |
||